LEADER 01168nam--2200373---450- 001 990002054050203316 005 20090623162239.0 035 $a000205405 035 $aUSA01000205405 035 $a(ALEPH)000205405USA01 035 $a000205405 100 $a20041005d1983----km-y0itay0103----ba 101 $aita 102 $aIT 105 $a||||||||001yy 200 1 $aManuale di contabilità di stato$econ ampi riferimenti all'ordinamento contabile delle regioni, delle province, dei comuni e di altri enti pubblici$fAntonio Bennati 205 $a10. ed. 210 $aNapoli$cJovene$d1983 215 $aXXXIX, 863 p.$d24 cm 410 0$12001 454 1$12001 461 1$1001-------$12001 676 $a657.835 700 1$aBENNATI,$bAntonio$07326 801 0$aIT$bsalbc$gISBD 912 $a990002054050203316 951 $a657.835 BEN 1 (Coll. Testi 373 a)$b10793 E.C.$cColl. Testi$d00233858 959 $aBK 969 $aECO 979 $aSIAVPROV$b10$c20041005$lUSA01$h1536 979 $aRSIAV4$b90$c20090623$lUSA01$h1614 979 $aRSIAV4$b90$c20090623$lUSA01$h1622 996 $aManuale di contabilità di Stato$963525 997 $aUNISA LEADER 01559nas 2200445-a 450 001 996211116603316 005 20240413023038.0 011 $a2583-1445 035 $a(CKB)110978978957350 035 $a(CONSER)---85913421- 035 $a(EXLCZ)99110978978957350 100 $a19851022a19839999 --- a 101 0 $aeng 181 $ctxt$2rdacontent 182 $cc$2rdamedia 183 $acr$2rdacarrier 200 00$aAbhigyan $ethe journal of Foundation of Organisational Research 210 $a[New Delhi] $cThe Foundation 215 $a1 online resource 300 $aRefereed/Peer-reviewed 311 $aPrint version: Abhigyan : (DLC) 85913421 (OCoLC)12704234 0970-2385 531 $aABHIGYAN THE JOURNAL OF FOUNDATION FOR ORGANIZATION RESEARCH AND EDUCATION 606 $aIndustrial management$zIndia$vPeriodicals 606 $aOrganizational behavior$vPeriodicals 606 $aIndustrial management$2fast$3(OCoLC)fst00971246 606 $aOrganizational behavior$2fast$3(OCoLC)fst01047801 607 $aIndia$2fast$1https://id.oclc.org/worldcat/entity/E39PBJmdx47cDXrRhBXHtbvPwC 608 $aPeriodicals.$2fast 608 $aPeriodicals.$2lcgft 615 0$aIndustrial management 615 0$aOrganizational behavior 615 7$aIndustrial management. 615 7$aOrganizational behavior. 676 $a658/.00954 712 02$aFoundation for Organisational Research (India) 906 $aJOURNAL 912 $a996211116603316 920 $aexl_impl conversion 996 $aAbhigyan$92369156 997 $aUNISA